Beginning to read A : (Record no. 104144)
[ view plain ]
| 000 -LEADER | |
|---|---|
| fixed length control field | 00777nam a2200241 a 4500 |
| 005 - DATE AND TIME OF LATEST TRANSACTION | |
| control field | 20140412111314.0 |
| 008 - FIXED-LENGTH DATA ELEMENTS--GENERAL INFORMATION | |
| fixed length control field | 001207s19uu xx 00 eng d |
| 020 ## - INTERNATIONAL STANDARD BOOK NUMBER | |
| International Standard Book Number | 0-395-48009-4 |
| 050 ## - LIBRARY OF CONGRESS CALL NUMBER | |
| Classification number | TR(GS 808.83 |
| Item number | B417 1986 |
| 245 ## - TITLE STATEMENT | |
| Title | Beginning to read A : |
| Remainder of title | Big bears and little bears. |
| 260 ## - PUBLICATION, DISTRIBUTION, ETC. (IMPRINT) | |
| Place of publication, distribution, etc | Boston : |
| Name of publisher, distributor, etc | Houghton Mifflin Comp, |
| Date of publication, distribution, etc | 1989. |
| 300 ## - PHYSICAL DESCRIPTION | |
| Extent | 72 p. ; ill. |
| 440 ## - SERIES STATEMENT/ADDED ENTRY--TITLE | |
| Title | Houghton Mifflin Literary Readers |
| 500 ## - GENERAL NOTE | |
| General note | Contents: Mary wore her red dress and Henry wore his green sneakers--The Boat--Sleepy bear--Come In, Boo Bear--Just like Daddy--Good night, Good night--The Hat. |
| 650 ## - SUBJECT ADDED ENTRY--TOPICAL TERM | |
| Topical term or geographic name as entry element | Reading |
| 650 ## - SUBJECT ADDED ENTRY--TOPICAL TERM | |
| Topical term or geographic name as entry element | Children stories |
| Withdrawn status | Lost status | Damaged status | Use restrictions | Home library | Current library | Shelving location | Date acquired | Source of acquisition | Total Checkouts | Full call number | Barcode | Date last seen | Price effective from | Koha item type |
|---|---|---|---|---|---|---|---|---|---|---|---|---|---|---|
| Elizalde Library | Elizalde Library | Teachers Reference Section | 04/24/2003 | TR(GS 808.83 B417 1986 | E6678 | 04/12/2014 | 04/12/2014 | Books | ||||||
| Elizalde Library | Elizalde Library | Teachers Reference Section | 04/24/2003 | TR(GS 808.83 B417 1986 | E6679 | 04/12/2014 | 04/12/2014 | Books | ||||||
| Elizalde Library | Elizalde Library | Teachers Reference Section | 04/24/2003 | TR(GS 808.83 B417 1986 | E6680 | 04/12/2014 | 04/12/2014 | Books | ||||||
| Elizalde Library | Elizalde Library | Teachers Reference Section | 04/24/2003 | TR(GS 808.83 B417 1986 | E6681 | 04/12/2014 | 04/12/2014 | Books | ||||||
| Elizalde Library | Elizalde Library | Teachers Reference Section | 04/24/2003 | TR(GS 808.83 B417 1986 | E6683 | 04/12/2014 | 04/12/2014 | Books | ||||||
| Elizalde Library | Elizalde Library | Teachers Reference Section | 04/24/2003 | TR(GS 808.83 B417 1986 | E6688 | 04/12/2014 | 04/12/2014 | Books |